Apelidos Brasileirão Série C - Statistics

Estatísticas Gerais
  • Esse quiz foi jogado 51 vezes
    22 desde o último reset
  • A pontuação média é 6 de 20
Estatísticas das Respostas
Equipes Apelidos % Correto
Remo Leão Azul
67%
Londrina Tubarão
62%
Ferroviário-CE Tubarão da Barra
62%
Sampaio Corrêa Bolívia Querida
52%
Náutico Timbu
52%
Botafogo-PB Belo
48%
ABC Elefante da Frasqueira
48%
CSA Azulão
38%
Figueirense Figueira
38%
Volta Redonda Voltaço
38%
Confiança Dragão do Bairro Industrial
24%
São José-RS Zeca
24%
Tombense Carcará
14%
Ferroviária-SP Locomotiva
14%
Aparecidense Camaleão
10%
Athletic Gigante
10%
Floresta Verdão da Vila Lobo
10%
Ypiranga-RS Canarinho
5%
Caxias Grená do Povo
5%
São Bernardo Cachorrão
0%
Nenhum quiz correspondente encontrado
Distribuição das Pontuações
Porcentagem de Pessoas com Cada Pontuação
Percentil de Números Respondidos
Sua Pontuação Histórica
Você não jogou esse quiz desde o último reset